000 00610nam a22001937a 4500
008 161010b xxu||||| |||| 00| 0 eng d
020 _a9780393926293
020 _a039392629X
050 _aGC 11.2 .S443 2006
100 _aSegar, Douglas A.
245 _aIntroduction to Ocean Sciences/
_cDouglas A. Segar and Elaine Stamman Segar
250 _a2nd ed.
260 _aNew York:
_bW. W. Norton & Company,
_c2006
300 _axxix, 581p. :
_bill. ;
500 _aIncludes index.
650 _aOceanography
700 _aSegar, Elain Stamman
942 _2lcc
_cBOOKS
_hGC 11.2 .S443 2006
_01
999 _c14897
_d14897